LEADER 01253nam a2200265 u 4500 001 000000115657 003 CaOOAMICUS 005 20090513175044.0 008 090513s2009 it u000 u ita r 020 $z978-88-13-29242-3* 040 $aPUL$bita$dLDB 100 1 $aMazzon, Riccardo.$0(OLS)http://pul/name/71722 245 10$aDistanze e confini :$btutela giurisdizionale e risarcimento : profili civili, penali, processuali e amministrativi /$cRiccardo Mazzon. 260 $aPadova :$bCEDAM,$c2009. 300 $alviii, 1403 p. ;$c24 cm. 490 1 $aDiritto italiano ;$v38. 504 $aBibliografia: p. [1375]-1388 650 4$aAbitazioni$xDiritto$zItalia.$0(OLS)http://pul/subject/35328 830 0$aDiritto italiano ;$v38.$0(OLS)http://pul/title/104054 850 $aPUL 852 $aPUL$W1$xSL Diritto e Scienze Sociali 3$y79$m346. 45 MAZPI 1$j132475$qDDC 21$B131473$CPULBib$Z2$F131473 $H110148 $82 941 1 $a9 996 $6020$z978-88-13-29242-3*$9(OLS)http://pul/number/140665 996 $6245$aDistanze e confini :$btutela giurisdizionale e risarcimento : profili civili, penali, processuali e amministrativi$9(OLS)http://pul/title/145319 996 $6260$aPadova :$bCEDAM$9(OLS)http://pul/publisher/48126 LEADER 01450nam a2200313 u 4500 001 000000046143 003 CaOOAMICUS 005 20070226114736.0 008 990626s1999 it k u000 u ita u 035 $a10828095 040 $aIPA$bita$dBAV$dEFR$dAAR 041 0 $aita$alat 100 1 $aPásztor, Edith,$d1925-$0(OLS)http://pul/name/18371 245 10$aOnus Apostolicae Sedis :$bCuria romana e cardinalato nei secoli XI-XV /$cEdith Pásztor. 260 $aRoma :$bSintesi Informazione,$c1999. 300 $axxiv, 426 p. :$bprosp. ;$c23 cm 504 $aComprende bibliografia. 504 $a"Bibliografia di Edith Pásztor, anni 1955-1997": p. 399-418. 610 10$aCatholic Church.$bCuria romana$xHistory.$2//eng$0(OLS)http://pul/subject/19717 650 4$aChiesa$xStoria$yMedioevo, 600-1500.$0(OLS)http://pul/subject/660 650 4$aCuria Romana$xStoria.$0(OLS)http://pul/subject/10982 650 0$aCardinals$xHistory.$2//eng$0(OLS)http://pul/subject/19718 650 0$aPapacy$xHistory.$2//eng$0(OLS)http://pul/subject/282 850 $aPUL 852 $aPUL$W1$xSL Diritto Canonico 1$y5$m150 D 75$j61917$nBK-PRI$b $qStampati$B61917$CPULBib$Z2$F61917 $H $81 941 1 $a8 961 $aINV: 80428 996 $6245$aOnus Apostolicae Sedis :$bCuria romana e cardinalato nei secoli XI-XV$9(OLS)http://pul/title/62184 996 $6260$aRoma :$bSintesi Informazione$9(OLS)http://pul/publisher/66374